000 01346nam a2200373 i 4500
003 CO-BoRNBP
005 20231027143254.0
007 ta
008 201027s2020 ck e 000 fdspa d
020 _a9789584250001
020 _a9584250000
040 _aCO-BoRNBP
_bspa
_erda
_cCO-BoRNBP
041 0 _aspa
082 0 4 _aCo863 M539me
_222
100 1 _aMendoza Zambrano, Mario
_d1964-
_eautor
_915520
245 1 3 _aLa melancolía de los feos
_cMario Mendoza
250 _aDécima segunda edición
264 1 _aBogotá
_bPlaneta colombiana
_c2020
300 _a241 páginas
_c23 cm
336 _atexto
_btxt
_2rdacontent
337 _asin mediación
_bn
_2rdamedia
338 _avolumen
_bnc
_2rdacarrier
490 0 _aAutores españoles e iberoamericanos
505 _tEl hombre murciélago hace amistad con los insectos
_tEl enmascarado se hunde en el fango
_tAdiós a Ciudad Gótica
521 _aRecomendado para público adulto
545 _aIncluye datos biográficos del autor en la solapa
650 1 7 _2LEMB
_aNovela colombiana
_ySiglo XX
_9151404
650 1 7 _2LEMB
_aLiteratura colombiana
_ySiglo XX
_9151405
650 1 7 _2LEMB
_aAutores colombianos
_ySiglo XX
_93714
650 1 7 _2LEMB
_aBelleza personal
_vNovela
_911161
650 1 7 _2LEMB
_aObsesión
_vNovela
_9134025
650 1 7 _2LEMB
_aAmistad
_vNovela
_93915
942 _2ddc
_cBK
999 _c3636
_d3636